| 000 | 00635cam a2200229 i 4500 | ||
|---|---|---|---|
| 001 | 4645634 | ||
| 005 | 20180109044004.0 | ||
| 008 | 790828s1980 ncu b 001 0 eng | ||
| 010 | _a 79020952 | ||
| 020 | _a0807814164 | ||
| 040 |
_aDLC _cDLC _dDLC |
||
| 041 | _aeng | ||
| 043 | _an-us--- | ||
| 080 | _a320.973046 COY | ||
| 082 | 0 | 0 | _a320.973046 COY |
| 100 | 1 | _a19 | |
| 101 | _aPOL | ||
| 245 | 1 | 4 |
_aThe elusive Republic : _cby Drew R. McCoy. |
| 504 | _aIncludes bibliographical references and index. | ||
| 906 |
_a7 _bcbc _corignew _d1 _eocip _f19 _gy-gencatlg |
||
| 942 |
_2ddc _cBK |
||
| 999 |
_c39879 _d39879 |
||